| 000 | 02429cam a2200661 a 4500 | ||
|---|---|---|---|
| 001 | 000007441 | ||
| 005 | 20200929154154.0 | ||
| 008 | 930901s1992 ve b 000 0 spa | ||
| 020 | _a9800105476 | ||
| 040 |
_aDO-SdBNP _bspa _cLC _dBNPHU |
||
| 082 |
_a928.987 _bG958m |
||
| 245 | 0 | 0 |
_aGuillermo Meneses ante la crítica / _cOrlando Araujo ... [et al.] ; prólogo Hugo Achugar ; selección y compilación Javier Lasarte y Hugo Achugar. |
| 260 |
_aCaracas : _bMonte Avila, _c1992. |
||
| 300 |
_a279 p. ; _c20 cm. |
||
| 504 | _aIncluye referencias bibliográficas y notas al pie de las páginas. | ||
| 600 | 1 | 4 |
_aMENESES, GUILLERMO, _d1911-1978 _920657 |
| 700 | 1 |
_aAraujo, Orlando, _d1928- _914271 |
|
| 700 | 1 |
_aFreilich, Alicia. _920658 |
|
| 700 | 1 |
_aLiscano, Juan. _99018 |
|
| 700 | 1 |
_aMiliani, Domingo. _95169 |
|
| 700 | 1 |
_aRama, Angel. _920659 |
|
| 700 | 1 |
_aRivera, Francisco. _920660 |
|
| 700 | 1 |
_aBalza, José. _920661 |
|
| 700 | 1 |
_aCorbalán, Laura. _920662 |
|
| 700 | 1 |
_aCastillo Zapata, Rafael. _914232 |
|
| 700 | 1 |
_aLasarte Varcárcel, Javier. _920663 |
|
| 700 | 1 |
_aBohórquez, Douglas. _920664 |
|
| 700 | 1 |
_aGerendas, Judit. _920665 |
|
| 700 | 1 |
_aInfante, Angel Gustavo. _920666 |
|
| 700 | 1 |
_aSánchez, Julio César. _920667 |
|
| 700 | 1 |
_aBueno, Raúl. _920668 |
|
| 700 | 1 |
_aBravo, Víctor. _913457 |
|
| 700 | 1 |
_aBarrera Linares, Luis. _920669 |
|
| 700 | 1 |
_aMorales Lara, Julio. _920670 |
|
| 700 | 1 |
_aAcosta Saignes, Miguel. _96712 |
|
| 700 | 1 |
_aAngarita Arvelo, Rafael. _920671 |
|
| 700 | 1 |
_aRamos, Juan. _920672 |
|
| 700 | 1 |
_aPadrón, Julián. _920673 |
|
| 700 | 1 |
_aCroce, Arturo. _920674 |
|
| 700 | 1 |
_aFabbiani Ruiz, José. _920675 |
|
| 700 | 1 |
_aMagdaleno, Mauricio. _920676 |
|
| 700 | 1 |
_aLeón, Carlos Augusto. _914691 |
|
| 700 | 1 |
_aDíaz Seijas, Pedro. _920677 |
|
| 700 | 1 |
_aOlivares Figueroa, Rafael. _920678 |
|
| 700 | 1 |
_aMelich Orsini, José. _920679 |
|
| 700 | 1 |
_aUslar Pietri, Arturo. _99224 |
|
| 700 | 1 |
_aDíaz Solís, Gustavo. _920680 |
|
| 700 | 1 |
_aDíaz Sosa, Carlos. _920681 |
|
| 700 | 1 |
_aMárquez Rodríguez, Alexis. _920682 |
|
| 700 | 1 |
_aPaz Castillo, Fernando. _920683 |
|
| 700 | 1 |
_aFrías, Carlos Eduardo. _920684 |
|
| 700 | 1 |
_aGerbasi, Vicente. _914392 |
|
| 700 | 1 |
_aSzichman, Mario. _920685 |
|
| 700 | 1 |
_aLasarte Valcarcel, Javier, _ecomp. _920686 |
|
| 700 | 1 |
_aAchugar, Hugo, _d1944- _epról. _ecomp. _920687 |
|
| 910 | _aCatalogación por copia / LC | ||
| 049 | _aBNGR | ||
| 999 |
_c7222 _d7222 |
||